All NFL-NFC Champions (1966-Present) - Statistics

General Stats
  • This quiz has been taken 31 times
    29 since last reset
  • The average score is 31 of 59
Answer Stats
Year Team % Correct
2024 Eagles
100%
2023 49ers
88%
2022 Eagles
88%
2021 Rams
85%
2020 Buccaneers
73%
2018 Rams
73%
2019 49ers
69%
2017 Eagles
69%
2016 Falcons
62%
2015 Panthers
62%
2014 Seahawks
62%
2013 Seahawks
62%
2011 Giants
58%
2010 Packers
58%
1967 Packers
58%
1966 Packers
58%
2012 49ers
54%
2007 Giants
54%
1994 49ers
50%
1989 49ers
50%
1988 49ers
50%
2008 Cardinals
50%
2004 Eagles
50%
1998 Falcons
50%
2001 Rams
50%
1999 Rams
50%
2009 Saints
50%
1984 49ers
46%
1981 49ers
46%
2006 Bears
46%
1985 Bears
46%
2002 Buccaneers
46%
1991 Commanders
46%
1987 Commanders
46%
1995 Cowboys
46%
1993 Cowboys
46%
1992 Cowboys
46%
1978 Cowboys
46%
1977 Cowboys
46%
1975 Cowboys
46%
1971 Cowboys
46%
1970 Cowboys
46%
2000 Giants
46%
1990 Giants
46%
1986 Giants
46%
1997 Packers
46%
1996 Packers
46%
2003 Panthers
46%
2005 Seahawks
46%
1976 Vikings
46%
1974 Vikings
46%
1973 Vikings
46%
1969 Vikings
46%
1968 Colts
42%
1983 Commanders
42%
1982 Commanders
42%
1972 Commanders
42%
1980 Eagles
42%
1979 Rams
42%
No matching quizzes found
Score Distribution
Percent of People with Each Score
Percentile by Number Answered
Your Score History
You have not taken this quiz since the last reset